Miss Smilla's feeling for snow / (Record no. 5625)

MARC details
000 -LEADER
fixed length control field 00945nam a22002417a 4500
001 - CONTROL NUMBER
control field 5625
003 - CONTROL NUMBER IDENTIFIER
control field FISKH
005 - DATE AND TIME OF LATEST TRANSACTION
control field 20250108085738.0
008 - FIXED-LENGTH DATA ELEMENTS--GENERAL INFORMATION
fixed length control field 250108b cb ||||| |||| 00| 0 eng d
020 ## - INTERNATIONAL STANDARD BOOK NUMBER
International Standard Book Number 9780006547839
040 ## - CATALOGING SOURCE
Original cataloging agency FISKH
Language of cataloging eng
Transcribing agency FISKH
Modifying agency FISKH
050 ## - LIBRARY OF CONGRESS CALL NUMBER
Classification number PT8176.O335
082 ## - DEWEY DECIMAL CLASSIFICATION NUMBER
Classification number 839.81374
100 ## - MAIN ENTRY--PERSONAL NAME
Personal name Høeg, Peter
245 ## - TITLE STATEMENT
Title Miss Smilla's feeling for snow /
Statement of responsibility, etc. by Peter Høeg
260 ## - PUBLICATION, DISTRIBUTION, ETC.
Place of publication, distribution, etc. London :
Name of publisher, distributor, etc. Flamingo ;
Date of publication, distribution, etc. 1994.
300 ## - PHYSICAL DESCRIPTION
Extent 409 pages :
Other physical details illustrations , maps ;
Dimensions 20 cm .
520 ## - SUMMARY, ETC.
Summary, etc. Isaiah, the son of one of Smilla Jasperson's neighbors, is found face-down in the snow outside her Copenhagen apartment building, leaving the usually stoical Smilla disturbed. She quickly rejects the official verdict of accidental death when she observes the footprints the boy left in the snow.
650 ## - SUBJECT ADDED ENTRY--TOPICAL TERM
Topical term or geographic name entry element thriller
Form subdivision Fiction
700 ## - ADDED ENTRY--PERSONAL NAME
Personal name David, F.
Relator term translator from Danish
942 ## - ADDED ENTRY ELEMENTS (KOHA)
Source of classification or shelving scheme Dewey Decimal Classification
Koha item type Books
Suppress in OPAC No
Holdings
Withdrawn status Lost status Source of classification or shelving scheme Damaged status Not for loan Collection Home library Current library Shelving location Date acquired Total Checkouts Full call number Barcode Date last seen Date last checked out Price effective from Koha item type
    Dewey Decimal Classification     Fiction Footprints International School Library Network Toul Tom Poung Campus Footprints International School Library Network Toul Tom Poung Campus TTP Secondary Fiction Bookshelves 01/08/2025 1 HOE PT8176.O335 839.81374 FISSE04482 09/19/2025 08/19/2025 01/08/2025 Books